Libres ensemble : L'individualisme dans la vie commune (notice n° 1926007)

détails MARC
000 -LEADER
fixed length control field 02143cam a2200217 4500500
005 - DATE AND TIME OF LATEST TRANSACTION
control field 20260329023258.0
041 ## - LANGUAGE CODE
Language code of text/sound track or separate title fre
042 ## - AUTHENTICATION CODE
Authentication code dc
100 10 - MAIN ENTRY--PERSONAL NAME
Personal name de Singly, François
Relator term author
245 00 - TITLE STATEMENT
Title Libres ensemble : L'individualisme dans la vie commune
260 ## - PUBLICATION, DISTRIBUTION, ETC.
Name of publisher, distributor, etc. Armand Colin,<br/>
Date of publication, distribution, etc. 2016.<br/>
520 ## - SUMMARY, ETC.
Summary, etc. Plus que jamais s’affirme la nécessité d’une des fonctions centrales de la vie commune : apprendre le respect mutuel. Car il ne s’agit pas seulement de vivre ensemble, mais d’être libres ensemble. En effet, l’individualisme peut mener à l’atomisation de la société – chacun se repliant sur soi – si la vie commune, vécue sous le mode de la contrainte, empêche l’épanouissement personnel. Il s’agit donc de résoudre cette tension entre être soi-même et vivre ensemble, entre l’individuel et le collectif. S’appuyant sur huit enquêtes inédites menées auprès de jeunes adultes vivant en couple, de personnes âgées, d’enfants et d’adolescents, Libres ensemble montre comment les personnes en couple, en famille, en collectivité mènent une « double vie » faite de temps personnel et de temps partagé. Chacun se retrouve ainsi à la fois « seul » et « avec ». Quinze ans après la première édition de cet ouvrage, Libres ensemble est encore plus actuel, du fait de la crise de la vie commune sous le même toit de la nation. Comment rendre compatibles les exigences du vivre ensemble et du respect des différences individuelles ? Les responsables d’associations, de groupes, les citoyens devraient s’inspirer de ce que les gens ordinaires ont inventé dans leur vie privée : une forme de « multiculturalisme » conciliant culture commune et culture personnelle.
700 10 - ADDED ENTRY--PERSONAL NAME
Personal name Boukaïa, Claire-Anne
Relator term author
700 10 - ADDED ENTRY--PERSONAL NAME
Personal name Brocard, Anouk
Relator term author
700 10 - ADDED ENTRY--PERSONAL NAME
Personal name Decup-Pannier, Benoîte
Relator term author
700 10 - ADDED ENTRY--PERSONAL NAME
Personal name Janet Chauffier, Julie
Relator term author
700 10 - ADDED ENTRY--PERSONAL NAME
Personal name Mallon, Isabelle
Relator term author
700 10 - ADDED ENTRY--PERSONAL NAME
Personal name Ramos, Elsa
Relator term author
700 10 - ADDED ENTRY--PERSONAL NAME
Personal name Vatin, Florence
Relator term author
856 41 - ELECTRONIC LOCATION AND ACCESS
Uniform Resource Identifier <a href="https://shs.cairn.info/libre-ensemble--9782200614034?lang=fr&redirect-ssocas=7080">https://shs.cairn.info/libre-ensemble--9782200614034?lang=fr&redirect-ssocas=7080</a>

Pas d'exemplaire disponible.

PLUDOC

PLUDOC est la plateforme unique et centralisée de gestion des bibliothèques physiques et numériques de Guinée administré par le CEDUST. Elle est la plus grande base de données de ressources documentaires pour les Étudiants, Enseignants chercheurs et Chercheurs de Guinée.

Adresse

627 919 101/664 919 101

25 boulevard du commerce
Kaloum, Conakry, Guinée

Réseaux sociaux

Powered by Netsen Group @ 2025